000
00267nam a22001217a 4500
008
181017b xxu||||| |||| 00| 0 eng d
041
_a
eng
080
_2
11 ed
_a
510
100
_a
37
101
_a
Mat
245
_a
Finite Mathematics
_c
Siegel.g
942
_2
udc
_c
BK
999
_c
50008
_d
50008